Conceptual chemistry : (Record no. 7160)

MARC details
000 -LEADER
fixed length control field 00889cam a2200265 a 4500
001 - CONTROL NUMBER
control field 13029759
003 - CONTROL NUMBER IDENTIFIER
control field OSt
005 - DATE AND TIME OF LATEST TRANSACTION
control field 20210928115837.0
008 - FIXED-LENGTH DATA ELEMENTS--GENERAL INFORMATION
fixed length control field 021213s2004 caua 001 0 eng
010 ## - LIBRARY OF CONGRESS CONTROL NUMBER
LC control number 2002041603
020 ## - INTERNATIONAL STANDARD BOOK NUMBER
International Standard Book Number 0805332286
040 ## - CATALOGING SOURCE
Original cataloging agency DLC
Transcribing agency HU
Modifying agency DLC
050 00 - LIBRARY OF CONGRESS CALL NUMBER
Classification number QD33.2
Item number .S83 2004
082 00 - DEWEY DECIMAL CLASSIFICATION NUMBER
Classification number 540
Edition number 21
100 1# - MAIN ENTRY--PERSONAL NAME
Personal name Suchocki, John.
9 (RLIN) 7618
245 10 - TITLE STATEMENT
Title Conceptual chemistry :
Remainder of title understanding our world of atoms and molecules /
Statement of responsibility, etc. John Suchocki.
250 ## - EDITION STATEMENT
Edition statement 2nd ed.
260 ## - PUBLICATION, DISTRIBUTION, ETC.
Place of publication, distribution, etc. San Francisco :
Name of publisher, distributor, etc. Benjamin Cummings,
Date of publication, distribution, etc. c2004.
300 ## - PHYSICAL DESCRIPTION
Extent 657
Other physical details ill. ;
Dimensions 29 cm. +
Accompanying material 1 CD-ROM (4 3/4 in.)
500 ## - GENERAL NOTE
General note Includes index.
650 #0 - SUBJECT ADDED ENTRY--TOPICAL TERM
Topical term or geographic name entry element Chemistry.
9 (RLIN) 6213
906 ## - LOCAL DATA ELEMENT F, LDF (RLIN)
a 7
b cbc
c orignew
d 1
e ocip
f 20
g y-gencatlg
942 ## - ADDED ENTRY ELEMENTS (KOHA)
Source of classification or shelving scheme Dewey Decimal Classification
Koha item type Books like text book referance book
Suppress in OPAC No
Holdings
Withdrawn status Lost status Source of classification or shelving scheme Damaged status Not for loan Home library Current library Shelving location Date acquired Total Checkouts Full call number Barcode Date last seen Copy number Price effective from Koha item type
    Dewey Decimal Classification     Natural & Computational Science Library Natural & Computational Science Library General Stacks 09/28/2021   540/SCH NSCLIB00014031 09/28/2021 1 09/28/2021 Books like text book referance book